[Event "IRL-chT"]
[Site "Dublin"]
[Date "2019.04.07"]
[Round "5.3"]
[White "Boyle, Bernard"]
[Black "Vesely, Jozef"]
[Result "1-0"]
[WhiteElo "1799"]
[BlackElo "1597"]
[PlyCount "139"]
[EventDate "2019.04.05"]
[EventType "team-swiss"]
[EventRounds "5"]
[EventCountry "IRL"]
[SourceTitle "CBM 189 Extra"]
[Source "ChessBase"]
[SourceDate "2019.06.03"]
[SourceVersion "1"]
[SourceVersionDate "2019.06.03"]
[SourceQuality "1"]
[WhiteTeam "Elm Mount"]
[BlackTeam "Ballinasloe"]
[WhiteTeamCountry "IRL"]
[BlackTeamCountry "IRL"]

1. d4 g6 2. Nf3 Bg7 3. c3 d5 4. Bg5 h6 5. Bh4 Nf6 6. e3 g5 7. Bg3 Ne4 8. Nbd2 Nxg3 9. hxg3 Nc6 10. Bd3 f5 11. Nxg5 hxg5 12. Rxh8+ Bxh8 13. Qh5+ Kd7 14. Bxf5+ e6 15. Bg4 Bf6 16. 0-0-0 Qh8 17. Qxh8 Bxh8 18. Rh1 Bf6 19. e4 Kd6 20. Rh6 Be7 21. e5+ Nxe5 22. dxe5+ Kxe5 23. Nf3+ Kd6 24. Nd4 c5 25. Nxe6 Bxe6 26. Rxe6+ Kd7 27. Rg6+ Ke8 28. Rg8+ Bf8 29. Kc2 Rd8 30. Rxg5 d4 31. Bh5+ Ke7 32. Rxc5 d3+ 33. Kd2 Kf6 34. Rc4 b6 35. Rd4 Rc8 36. Kxd3 Bc5 37. Rf4+ Kg5 38. Bd1 Rd8+ 39. Ke2 Re8+ 40. Kf1 Rd8 41. Ke1 Re8+ 42. Be2 Bd6 43. Rd4 Bc5 44. Rd5+ Kf6 45. b4 Bf8 46. Rd7 a5 47. bxa5 bxa5 48. Ra7 Bg7 49. Rxa5 Rc8 50. c4 Ke7 51. Ra7+ Kf6 52. a4 Bf8 53. a5 Bb4+ 54. Kf1 Rh8 55. Kg1 Re8 56. Bf1 Ke6 57. a6 Rf8 58. Rb7 Bc5 59. Rb2 Kd6 60. Bd3 Ke5 61. g4 Kd4 62. Bf5 Kxc4 63. Be4 Ba7 64. Bf3 Re8 65. Kf1 Kc3 66. Rb7 Bd4 67. Rd7 Rb8 68. g3 Rb1+ 69. Kg2 Rb2 70. Rxd4 1-0

[Event "IRL-chT"]
[Site "Dublin"]
[Date "2016.04.24"]
[Round "3"]
[White "Stejskal, Drahoslav"]
[Black "Vesely, Jozef"]
[Result "1-0"]
[WhiteElo "1852"]
[BlackElo "1606"]
[PlyCount "45"]
[EventDate "2016.04.23"]
[EventType "team-swiss"]
[EventRounds "4"]
[EventCountry "IRL"]
[SourceTitle "EXT 2023"]
[Source "ChessBase"]
[SourceDate "2022.10.05"]
[SourceVersion "1"]
[SourceVersionDate "2022.10.05"]
[SourceQuality "1"]

1. d4 d5 2. Nf3 Nf6 3. e3 e6 4. Bd3 c5 5. c3 cxd4 6. exd4 h6 7. Nbd2 Bd6 8. 0-0 0-0 9. Ne5 Qc7 10. f4 Nbd7 11. Qf3 Re8 12. Qh3 Bf8 13. Ndf3 Ne4 14. g4 f5 15. g5 Nxe5 16. Nxe5 Qe7 17. Kh1 hxg5 18. fxg5 Nxg5 19. Qh5 Nh7 20. Rf3 Nf6 21. Qg6 Ng4 22. Nxg4 fxg4 23. Qh7# 1-0